| 000 | 00513cam a2200205ua 4500 | ||
|---|---|---|---|
| 001 | 9465 | ||
| 005 | 20260515114453.0 | ||
| 008 | 150922n ii |||gr||||Z||||||asm | ||
| 040 | _cMAIN | ||
| 041 | _aasm | ||
| 082 | _a294.3 | ||
| 100 |
_aBhikshu, Shasanbanksha, _eTranslator. |
||
| 245 | 1 |
_aLoko-niti _ctrnsltd. by Shasanbanksha Bhikshu |
|
| 250 | _a3rd ed. | ||
| 260 |
_aSibsagar: _bTripitok prakashan porikhad. |
||
| 300 | _a55p. | ||
| 653 | _aReligions ofIndic origin | ||
| 653 | _aBuddhism | ||
| 942 | _cBK | ||
| 999 |
_c8506 _d8506 |
||